00808nam a2200253Ia 4500003000400000005001700004008004100021020001600062040000700078041000800085082001900093100002800112245004600140260004000186300001400226365001300240440000600253650002800259650003900287906004700326942001200373999001900385952015000404OSt20230530145748.0210423s2002 xx 000 0 und d a817445179-X cAL aeng a361.1 SHUW223 aSHUKLA (Chhaya)9117070 aWomen family and social problems in india aNew DelhibMohit Publicationsc2002 av,144bHB b350cINR v2 aSocial Problems9117071 aSocial Problems & Services9117072 afamily ; india ; problems ; social ; Women 2ddccBK c173637d173637 001040708MSWaSACPGbSACPGd2003-02-06eSaraswathi Publisherg350.00l1o361.1 SHUWpPG020248r2022-08-24 00:00:00s2022-03-14w2021-04-26yBK